[Event "BL2 West 0809 (Women)"]
[Site "Germany"]
[Date "2009.03.07"]
[Round "6.1"]
[White "David, Gundula"]
[Black "Anisheva, Varvara"]
[Result "1-0"]
[WhiteElo "2051"]
[BlackElo "2164"]
[PlyCount "65"]
[EventDate "2008.11.08"]
[EventType "team-tourn"]
[EventRounds "7"]
[EventCountry "GER"]
[SourceTitle "EXT 2010"]
[Source "ChessBase"]
[SourceDate "2010.11.25"]
[SourceVersion "1"]
[SourceVersionDate "2010.11.25"]
[SourceQuality "1"]
[WhiteTeam "Erftstadt SV (W)"]
[BlackTeam "Erfurt Medizin (W)"]
[WhiteTeamCountry "GER"]
[BlackTeamCountry "GER"]

1. e4 c5 2. Nc3 e6 3. d3 Nc6 4. g3 Nf6 5. Bg2 Be7 6. f4 d5 7. e5 Nd7 8. Nf3 b5 9. 0-0 b4 10. Ne2 Bb7 11. Be3 a5 12. Qe1 0-0 13. g4 a4 14. Qg3 d4 15. Bd2 Kh8 16. Qh3 Qb6 17. Ng3 Na5 18. f5 c4 19. Nh5 exf5 20. gxf5 f6 21. e6 Ne5 22. Nh4 Rfe8 23. Ng6+ Kg8 24. Nxe5 fxe5 25. Qg3 Bf8 26. Nxg7 Bxg7 27. f6 Re7 28. f7+ Kh8 29. Bh6 Rxf7 30. Rxf7 Bxh6 31. Qxe5+ Kg8 32. Qf6 Re8 33. Qxh6 1-0

[Event "BL2 West 0809 (Women)"]
[Site "Germany"]
[Date "2008.11.08"]
[Round "1.1"]
[White "David, Gundula"]
[Black "Engels, Natia"]
[Result "0-1"]
[WhiteElo "2051"]
[BlackElo "2179"]
[PlyCount "58"]
[EventDate "2008.11.08"]
[EventType "team-tourn"]
[EventRounds "7"]
[EventCountry "GER"]
[SourceTitle "EXT 2010"]
[Source "ChessBase"]
[SourceDate "2010.11.25"]
[SourceVersion "1"]
[SourceVersionDate "2010.11.25"]
[SourceQuality "1"]
[WhiteTeam "Erftstadt SV (W)"]
[BlackTeam "Steinfurt (W)"]
[WhiteTeamCountry "GER"]
[BlackTeamCountry "GER"]

1. e4 c5 2. Nc3 Nc6 3. d3 g6 4. g3 Bg7 5. Bg2 Nf6 6. Be3 d6 7. h3 0-0 8. Qd2 Re8 9. f4 Rb8 10. Nge2 Bd7 11. 0-0 b5 12. f5 b4 13. Nd1 Ne5 14. Bh6 Bh8 15. Ne3 Bc6 16. g4 Nfd7 17. Nf4 e6 18. g5 exf5 19. exf5 Bxg2 20. Qxg2 Nxd3 21. fxg6 hxg6 22. Nxg6 Bd4 23. cxd3 Rxe3 24. Kh1 fxg6 25. Rf4 Qe8 26. Raf1 Qe6 27. R4f3 Re2 28. Qg3 Qd5 29. Qf4 Ne5 0-1

[Event "GER-chT Landesliga (Women)"]
[Site "Greifswald"]
[Date "2001.08.03"]
[Round "7.1"]
[White "David, Gundula"]
[Black "Klein, Annette"]
[Result "1-0"]
[WhiteElo "2041"]
[BlackElo "1883"]
[PlyCount "67"]
[EventDate "2001.07.29"]
[EventType "team"]
[EventRounds "7"]
[EventCountry "GER"]
[SourceTitle "EXT 2003"]
[Source "ChessBase"]
[SourceDate "2002.11.25"]
[SourceVersion "1"]
[SourceVersionDate "2002.11.25"]
[SourceQuality "1"]

1. e4 e6 2. d3 d5 3. Nd2 Nf6 4. g3 b5 5. Bg2 b4 6. Ngf3 Be7 7. 0-0 c5 8. Re1 Nc6 9. Qe2 0-0 10. e5 Nd7 11. Nf1 a5 12. h4 Ba6 13. Bf4 c4 14. Rac1 Qb6 15. Ne3 Rac8 16. dxc4 dxc4 17. c3 Qb5 18. Ng4 Nc5 19. Red1 Nd3 20. Rb1 Rfd8 21. h5 Nxf4 22. gxf4 Bf8 23. Ng5 h6 24. Ne4 Qb6 25. Nxh6+ Kh8 26. Nxf7+ Kg8 27. Nxd8 Rxd8 28. Qg4 Rxd1+ 29. Rxd1 Bc8 30. h6 Ne7 31. hxg7 Bxg7 32. Nf6+ Kf8 33. Qh5 Nf5 34. Qe8# 1-0

[Event "GER-chT Landesliga (Women)"]
[Site "Greifswald"]
[Date "2001.07.31"]
[Round "3.1"]
[White "David, Gundula"]
[Black "Kimpel, Janine"]
[Result "1-0"]
[WhiteElo "2041"]
[BlackElo "1545"]
[PlyCount "67"]
[EventDate "2001.07.29"]
[EventType "team"]
[EventRounds "7"]
[EventCountry "GER"]
[SourceTitle "EXT 2003"]
[Source "ChessBase"]
[SourceDate "2002.11.25"]
[SourceVersion "1"]
[SourceVersionDate "2002.11.25"]
[SourceQuality "1"]

1. e4 Nf6 2. d3 e5 3. Nc3 Bb4 4. Bd2 Nc6 5. g3 0-0 6. Bg2 d6 7. Nf3 Bg4 8. h3 Bh5 9. g4 Bg6 10. Ne2 Bc5 11. Ng3 d5 12. g5 dxe4 13. gxf6 Qxf6 14. dxe4 Rfd8 15. Qe2 Nd4 16. Nxd4 Bxd4 17. c3 Bb6 18. 0-0 Rd6 19. a4 a6 20. a5 Ba7 21. Nf5 Bxf5 22. exf5 c6 23. Rae1 Re8 24. Kh1 Qe7 25. f4 f6 26. fxe5 Qxe5 27. Qc4+ Kh8 28. Rxe5 Rxe5 29. Qf7 Rd8 30. Qxb7 Bc5 31. Qxa6 Rde8 32. Qxc6 Ba7 33. b4 Re1 34. b5 1-0

[Event "GER-chT Landesliga (Women)"]
[Site "Greifswald"]
[Date "2001.07.29"]
[Round "1.1"]
[White "David, Gundula"]
[Black "Paehtz, Elisabeth"]
[Result "0-1"]
[WhiteElo "2041"]
[BlackElo "2383"]
[PlyCount "58"]
[EventDate "2001.07.29"]
[EventType "team"]
[EventRounds "7"]
[EventCountry "GER"]
[SourceTitle "EXT 2003"]
[Source "ChessBase"]
[SourceDate "2002.11.25"]
[SourceVersion "1"]
[SourceVersionDate "2002.11.25"]
[SourceQuality "1"]

1. e4 e6 2. d3 d5 3. Nd2 c5 4. g3 Nc6 5. Bg2 Nge7 6. Ne2 g6 7. 0-0 Bg7 8. Nf4 dxe4 9. Nxe4 b6 10. Ne2 0-0 11. N2c3 f5 12. Ng5 h6 13. Nf3 Rb8 14. Re1 e5 15. Nd2 Bb7 16. Nc4 Qd7 17. f4 exf4 18. Bxf4 Rbd8 19. Qd2 Ba6 20. Rad1 g5 21. Bxc6 Nxc6 22. Bd6 Bxc4 23. Bxf8 Kxf8 24. Qe2 Ba6 25. Rd2 Bb7 26. Rf1 Bd4+ 27. Rf2 Re8 28. Qf1 Ne5 29. Qd1 Nf3+ 0-1

[Event "EU-ch U20 Girls"]
[Site "Aviles"]
[Date "2000.08.23"]
[Round "7"]
[White "David, Gundula"]
[Black "Vega Gutierrez, Sabrina Neide"]
[Result "0-1"]
[WhiteElo "2091"]
[BlackElo "2131"]
[PlyCount "124"]
[EventDate "2000.08.18"]
[EventType "swiss"]
[EventRounds "11"]
[EventCountry "ESP"]
[SourceTitle "CBM 077 Extra"]
[Source "ChessBase"]
[SourceDate "2000.09.14"]
[SourceVersion "1"]
[SourceVersionDate "2000.09.14"]
[SourceQuality "1"]

1. e4 c5 2. Nc3 Nc6 3. d3 g6 4. g3 Bg7 5. Bg2 Rb8 6. Be3 b5 7. Qd2 d6 8. f4 Nd4 9. Nd1 b4 10. Nf3 e5 11. 0-0 Ne7 12. Nh4 exf4 13. gxf4 f5 14. c3 bxc3 15. bxc3 Nb5 16. e5 Bb7 17. Nf3 0-0 18. Ng5 Bxg2 19. Qxg2 Nc7 20. a4 Ned5 21. d4 cxd4 22. cxd4 h6 23. Ne6 Nxe6 24. Qxd5 Qd7 25. Nc3 Rfd8 26. Qa2 d5 27. Qg2 Kh7 28. Rab1 Rbc8 29. Rfc1 Rc4 30. Qd2 Bf8 31. Kf2 a5 32. Qd3 Rdc8 33. Rb5 Qc6 34. Ne2 Rxc1 35. Nxc1 Bb4 36. Qb3 Nc7 37. Rxb4 axb4 38. Qxb4 Na6 39. Qe7+ Kh8 40. e6 Rg8 41. Qf7 Nc7 42. Nd3 Qc2+ 43. Kf3 Qxd3 44. Qxc7 Qe4+ 45. Kf2 Qxe6 46. a5 Rc8 47. Qe5+ Qxe5 48. dxe5 Rc2+ 49. Kg3 Rc3 50. Kf2 Ra3 51. Bb6 g5 52. Be3 gxf4 53. Bxf4 Rxa5 54. Bxh6 Ra4 55. Bg5 Re4 56. Kf3 Kh7 57. Bf4 d4 58. h4 Kg6 59. e6 Rxe6 60. Bd2 Re4 61. Bg5 Kh5 62. Kg3 Rg4+ 0-1

[Event "EU-ch U20 Girls"]
[Site "Aviles"]
[Date "2000.08.19"]
[Round "4"]
[White "David, Gundula"]
[Black "Stojanovic, Nadezda"]
[Result "1/2-1/2"]
[WhiteElo "2091"]
[BlackElo "2146"]
[PlyCount "105"]
[EventDate "2000.08.18"]
[EventType "swiss"]
[EventRounds "11"]
[EventCountry "ESP"]
[SourceTitle "CBM 077 Extra"]
[Source "ChessBase"]
[SourceDate "2000.09.14"]
[SourceVersion "1"]
[SourceVersionDate "2000.09.14"]
[SourceQuality "1"]

1. e4 c5 2. Nc3 Nc6 3. d3 d6 4. g3 g6 5. Bg2 Bg7 6. Be3 b6 7. Qd2 Qd7 8. f4 Bb7 9. Nf3 f5 10. 0-0-0 Nf6 11. Rde1 0-0-0 12. Ng5 e6 13. Bf2 Rhe8 14. Nf3 Ng4 15. Rhf1 Nxf2 16. Rxf2 Nd4 17. e5 Nxf3 18. Bxf3 Bxf3 19. Rxf3 dxe5 20. fxe5 Qc6 21. Rf2 Rd7 22. Kb1 Red8 23. Qe2 Bh6 24. Qf1 Kb7 25. Qh3 Bf8 26. Qh4 b5 27. Qh3 h6 28. Qf1 a6 29. g4 c4 30. gxf5 gxf5 31. dxc4 b4 32. Nd1 Qxc4 33. Ne3 Qxf1 34. Rfxf1 Rd2 35. h3 Rh2 36. Rf3 Rdd2 37. Nf1 Rhe2 38. Re3 Rxe3 39. Nxe3 Rh2 40. b3 Rxh3 41. Nc4 h5 42. Kc1 Rh2 43. Rg1 Kc6 44. Rg8 Bc5 45. Rd8 h4 46. Kd1 h3 47. Rh8 Kd5 48. Rh7 Bd4 49. Rd7+ Ke4 50. Nd2+ Kf4 51. Rxd4+ Ke3 52. Rd3+ Kf4 53. Rd4+ 1/2-1/2

[Event "EU-ch U20 Girls"]
[Site "Aviles"]
[Date "2000.08.17"]
[Round "2"]
[White "Ionica, Iulia Ionela"]
[Black "David, Gundula"]
[Result "1-0"]
[WhiteElo "2160"]
[BlackElo "2091"]
[PlyCount "133"]
[EventDate "2000.08.18"]
[EventType "swiss"]
[EventRounds "11"]
[EventCountry "ESP"]
[SourceTitle "CBM 077 Extra"]
[Source "ChessBase"]
[SourceDate "2000.09.14"]
[SourceVersion "1"]
[SourceVersionDate "2000.09.14"]
[SourceQuality "1"]

1. e4 e5 2. Nf3 Nc6 3. Bc4 Bc5 4. c3 Nf6 5. d3 d6 6. Bb3 h6 7. h3 0-0 8. 0-0 Bb6 9. Re1 Be6 10. Nbd2 Bxb3 11. Qxb3 Re8 12. Nf1 d5 13. Ng3 dxe4 14. dxe4 Qe7 15. Nf5 Qe6 16. Qc2 Rad8 17. N3h4 Kh7 18. Qe2 Ne7 19. Be3 Ng6 20. a4 Bxe3 21. Qxe3 Qa6 22. g3 Rd7 23. Nf3 Rd3 24. Qe2 Red8 25. h4 Kg8 26. Nh2 Qb6 27. h5 Rd2 28. Qf3 R8d3 29. Re3 Qxb2 30. Rf1 Qxc3 31. hxg6 fxg6 32. Ne7+ Kh7 33. Ng4 Rxe3 34. Nxe3 Rd4 35. N3d5 Nxd5 36. exd5 Rxa4 37. Qf7 Ra6 38. d6 Rxd6 39. Nd5 Rxd5 40. Qxd5 b6 41. Qe4 a5 42. Rd1 b5 43. Rd5 a4 44. Rxe5 a3 45. Re6 Qc1+ 46. Kg2 Qg5 47. Ra6 b4 48. Qxb4 Qd5+ 49. f3 Qa2+ 50. Kh3 Qe2 51. Rxa3 Qf1+ 52. Kg4 Qc1 53. Rc3 h5+ 54. Kh4 Qd2 55. Kh3 Qe1 56. Qb2 Qh1+ 57. Qh2 Qe1 58. Rc2 Qd1 59. Qg2 c6 60. Kh2 Qd6 61. Qd2 Qf6 62. Qf4 c5 63. Qxf6 gxf6 64. Rxc5 g5 65. f4 Kg6 66. fxg5 fxg5 67. Kg2 1-0

[Event "Oberliga Ost-A 9900"]
[Site "Germany"]
[Date "2000.04.09"]
[Round "11.7"]
[White "Scheurer, Ulf"]
[Black "David, Gundula"]
[Result "1/2-1/2"]
[WhiteElo "2130"]
[BlackElo "2128"]
[PlyCount "33"]
[EventDate "1999.10.??"]
[EventType "team"]
[EventRounds "11"]
[EventCountry "GER"]
[SourceTitle "EXT 2002"]
[Source "ChessBase"]
[SourceDate "2001.11.25"]
[SourceVersion "1"]
[SourceVersionDate "2001.11.25"]
[SourceQuality "1"]

1. e4 e5 2. Nf3 Nc6 3. d4 exd4 4. Nxd4 Nf6 5. Nc3 Bb4 6. Nxc6 bxc6 7. Bd3 0-0 8. 0-0 d5 9. exd5 cxd5 10. Bg5 Bxc3 11. bxc3 h6 12. Bh4 Qd6 13. h3 Bb7 14. Rb1 Rab8 15. Re1 Qc6 16. Qf3 Ne4 17. Bxe4 1/2-1/2

[Event "BL 0001 (Women)"]
[Site "Germany"]
[Date "2000.??.??"]
[Round "3.4"]
[White "David, Gundula"]
[Black "Agababean, Naira"]
[Result "1/2-1/2"]
[WhiteElo "2091"]
[BlackElo "2365"]
[PlyCount "121"]
[EventDate "2000.10.??"]
[EventType "team-tourn"]
[EventRounds "11"]
[EventCountry "GER"]
[SourceTitle "CBM 082 Extra"]
[Source "ChessBase"]
[SourceDate "2001.07.03"]
[SourceVersion "1"]
[SourceVersionDate "2001.07.03"]
[SourceQuality "1"]
[WhiteTeam "Halle USV (W)"]
[BlackTeam "Heiligenhaus (W)"]
[WhiteTeamCountry "GER"]
[BlackTeamCountry "GER"]

1. e4 d6 2. Nc3 Nf6 3. d3 c6 4. g3 Bg4 5. Nce2 e5 6. Bg2 Be7 7. Nf3 h6 8. Be3 Nbd7 9. 0-0 Bxf3 10. Bxf3 h5 11. h3 Nf8 12. Bg2 h4 13. g4 Ne6 14. Kh2 g5 15. Ng1 Nd7 16. c3 Qc7 17. Qc2 Nf4 18. Nf3 0-0-0 19. Rfd1 Kb8 20. a4 d5 21. Kg1 f6 22. b4 Nxg2 23. Kxg2 dxe4 24. dxe4 Nb6 25. Qb3 Rxd1 26. Rxd1 Rd8 27. a5 Nc8 28. Rxd8 Qxd8 29. Nd2 Qd3 30. Qc4 Qxc4 31. Nxc4 Kc7 32. Kf3 b5 33. axb6+ axb6 34. Ke2 Kb7 35. Kd3 Ka6 36. f3 Bd8 37. Kc2 Bc7 38. Na3 Ne7 39. Kd3 Ng6 40. Kc4 b5+ 41. Kd3 Bb6 42. Bd2 Bg1 43. Nc2 Kb7 44. Ne1 Kc7 45. Ng2 Kd7 46. Ke2 Bb6 47. Ne1 Nf8 48. Nd3 Ne6 49. Be3 Bxe3 50. Kxe3 Kd6 51. Kd2 c5 52. Ke3 Kc6 53. Kd2 c4 54. Nf2 Nf4 55. Ke3 Kd6 56. Kd2 Ng6 57. Ke3 Nf8 58. Kd2 Nd7 59. Ke3 Ke6 60. Kd2 Nb8 61. Ke2 1/2-1/2

[Event "BL 9900 (Women)"]
[Site "Germany"]
[Date "1999.11.13"]
[Round "3.5"]
[White "Heymann, Ulrike"]
[Black "David, Gundula"]
[Result "1-0"]
[WhiteElo "2195"]
[BlackElo "2128"]
[PlyCount "43"]
[EventDate "1999.10.16"]
[EventType "team-tourn"]
[EventRounds "11"]
[EventCountry "GER"]
[SourceTitle "CBM 073 Extra"]
[Source "ChessBase"]
[SourceDate "2000.01.11"]
[SourceVersion "1"]
[SourceVersionDate "2000.01.11"]
[SourceQuality "1"]
[WhiteTeam "Dresden SC (W)"]
[BlackTeam "Halle USV"]
[WhiteTeamCountry "GER"]
[BlackTeamCountry "GER"]

1. e4 e5 2. Bc4 Nf6 3. d3 Nc6 4. Nf3 Bc5 5. c3 d6 6. Bb3 0-0 7. Bg5 h6 8. Bh4 Bg4 9. Nbd2 Qe7 10. h3 Be6 11. Bc2 Bb6 12. g4 g5 13. Nxg5 Nxg4 14. Ngf3 Nf6 15. Nh2 Nb8 16. Qf3 Nbd7 17. 0-0-0 Kh8 18. Ng4 Bxg4 19. hxg4 Kg7 20. g5 hxg5 21. Bxg5 Qe8 22. Bxf6+ 1-0

[Event "Wch U18 Girls"]
[Site "Oropesa del Mar"]
[Date "1999.11.04"]
[Round "10"]
[White "Sanchez Castillo, Sarai Carolina"]
[Black "David, Gundula"]
[Result "1-0"]
[WhiteElo "2085"]
[BlackElo "2128"]
[PlyCount "49"]
[EventDate "1999.10.24"]
[EventType "swiss"]
[EventRounds "11"]
[EventCountry "ESP"]
[SourceTitle "CBM 072 Extra"]
[Source "ChessBase"]
[SourceDate "1999.11.18"]
[SourceVersion "1"]
[SourceVersionDate "1999.11.18"]
[SourceQuality "1"]

1. e4 e5 2. d4 exd4 3. Qxd4 Nc6 4. Qe3 Nf6 5. Bd2 Bb4 6. Nc3 0-0 7. 0-0-0 Re8 8. Qg3 Bxc3 9. Bxc3 Rxe4 10. Bd3 Re8 11. Nf3 d6 12. Ng5 h6 13. Bh7+ Kf8 14. Ne4 Nh5 15. Qf3 Qh4 16. g3 Qg4 17. Qd3 f5 18. f3 Qh3 19. Nxd6 cxd6 20. Qxd6+ Re7 21. Rhe1 Be6 22. Rxe6 Rae8 23. Bxg7+ Kxg7 24. Rxe7+ Kf8 25. Rd7+ 1-0

[Event "BL 9900 (Women)"]
[Site "Germany"]
[Date "1999.10.17"]
[Round "2.6"]
[White "David, Gundula"]
[Black "Doehmen, Katrin"]
[Result "1-0"]
[WhiteElo "2128"]
[BlackElo "2018"]
[PlyCount "71"]
[EventDate "1999.10.16"]
[EventType "team-tourn"]
[EventRounds "11"]
[EventCountry "GER"]
[SourceTitle "EXT 2000"]
[Source "ChessBase"]
[SourceDate "1999.11.16"]
[SourceVersion "1"]
[SourceVersionDate "1999.11.16"]
[SourceQuality "1"]
[WhiteTeam "Halle USV"]
[BlackTeam "Holsterhausen"]
[WhiteTeamCountry "GER"]
[BlackTeamCountry "GER"]

1. e4 c5 2. Nc3 Nc6 3. d3 g6 4. g3 Bg7 5. Bg2 Rb8 6. Be3 Nd4 7. Qd2 Qa5 8. f4 e6 9. Nh3 b5 10. 0-0 Ne7 11. Qf2 b4 12. Nd1 b3 13. cxb3 Nxb3 14. axb3 Qxa1 15. Bxc5 Qa6 16. f5 f6 17. Bxe7 Kxe7 18. Nf4 Kf7 19. Qc2 Qb6+ 20. Kh1 Bb7 21. Nc3 Rbc8 22. Qd1 g5 23. fxe6+ dxe6 24. Nh5 f5 25. exf5 Bxg2+ 26. Kxg2 Qc6+ 27. Kh3 Bxc3 28. fxe6+ Ke7 29. bxc3 Qxe6+ 30. g4 Rxc3 31. Qd2 Qe5 32. Rf5 Qe4 33. Qxg5+ Ke8 34. Re5+ Kf7 35. Qe7+ Kg6 36. Qg7# 1-0

[Event "GER-chJC Girls"]
[Site "Neumuenster"]
[Date "1999.??.??"]
[Round "?"]
[White "David, Gundula"]
[Black "Ehret, Rebecca"]
[Result "1-0"]
[WhiteElo "2118"]
[BlackElo "2100"]
[PlyCount "49"]
[EventDate "1999.??.??"]
[EventType "swiss"]
[EventRounds "7"]
[EventCountry "GER"]
[SourceTitle "EXT 2000"]
[Source "ChessBase"]
[SourceDate "1999.11.16"]
[SourceVersion "1"]
[SourceVersionDate "1999.11.16"]
[SourceQuality "1"]

1. e4 c5 2. Nc3 Nc6 3. d3 d6 4. g3 g6 5. Bg2 Bg7 6. Be3 e6 7. Qd2 Bd7 8. Nh3 a6 9. 0-0 Nge7 10. Bh6 0-0 11. Bxg7 Kxg7 12. f4 Rb8 13. Rae1 Qc7 14. Rf2 b5 15. Nd1 Qa5 16. c3 Qxa2 17. f5 exf5 18. exf5 Nxf5 19. Bxc6 Bxc6 20. Rxf5 gxf5 21. Qg5+ Kh8 22. Qf6+ Kg8 23. Nf4 Rfe8 24. Qg5+ Kf8 25. Qh6+ 1-0